Elementos de agrometeorología cuantitativa con aplicaciones en la República Mexicana / (Record no. 175673)
[ view plain ]
| 000 -CABECERA | |
|---|---|
| campo de control de longitud fija | 01303nam a2200373Ia 4500 |
| 001 - NÚMERO DE CONTROL | |
| campo de control | dia_4869 |
| 003 - IDENTIFICADOR DEL NÚMERO DE CONTROL | |
| campo de control | CHAP |
| 005 - FECHA Y HORA DE LA ÚLTIMA TRANSACCIÓN | |
| campo de control | 20230911133459.0 |
| 007 - CAMPO FIJO DE DESCRIPCIÓN FÍSICA--INFORMACIÓN GENERAL | |
| campo de control de longitud fija | ta |
| 008 - DATOS DE LONGITUD FIJA--INFORMACIÓN GENERAL | |
| campo de control de longitud fija | 220117s1987 mx abd fr 001 0 spa d |
| 010 ## - NÚMERO DE CONTROL DE LA BIBLIOTECA DEL CONGRESO | |
| Número de control de LC | 175673 |
| 040 ## - FUENTE DE LA CATALOGACIÓN | |
| Centro/agencia transcriptor | CHAP |
| Centro catalogador/agencia de origen | mxchpua |
| 050 ## - SIGNATURA TOPOGRÁFICA DE LA BIBLIOTECA DEL CONGRESO | |
| Número de documento/Ítem | .O71 1987 |
| 082 ## - NÚMERO DE LA CLASIFICACIÓN DECIMAL DEWEY | |
| Número de clasificación | 551.5 |
| Número de documento/Ítem | O71 1987 |
| Número de edición | 20 |
| 100 1# - ENTRADA PRINCIPAL--NOMBRE DE PERSONA | |
| Nombre de persona | Ortíz Solorio, Carlos A. |
| 9 (RLIN) | 139468 |
| Término indicativo de función/relación | autor |
| 245 10 - MENCIÓN DE TÍTULO | |
| Título | Elementos de agrometeorología cuantitativa con aplicaciones en la República Mexicana / |
| Mención de responsabilidad, etc. | Carlos A. Ortíz Solorio |
| 250 ## - MENCIÓN DE EDICIÓN | |
| Mención de edición | 3a edición |
| 300 ## - DESCRIPCIÓN FÍSICA | |
| Extensión | 327 páginas : |
| Otras características físicas | ilustraciones, mapas, gráficas, tablas |
| 336 ## - TIPO DE CONTENIDO | |
| Término de tipo de contenido | texto |
| Código de tipo de contenido | txt |
| Fuente | rdacontent |
| 337 ## - TIPO DE MEDIO | |
| Nombre/término del tipo de medio | sin medio |
| Código del tipo de medio | n |
| Fuente | rdamedia |
| 338 ## - TIPO DE SOPORTE | |
| Nombre/término del tipo de soporte | volumen |
| Código del tipo de soporte | nc |
| Fuente | rdacarrier |
| 504 ## - NOTA DE BIBLIOGRAFÍA, ETC. | |
| Nota de bibliografía, etc. | Bibligrafía: páginas 322-327 |
| 650 13 - PUNTO DE ACCESO ADICIONAL DE MATERIA--TÉRMINO DE MATERIA | |
| Término de materia o nombre geográfico como elemento de entrada | Agrometeorología |
| 9 (RLIN) | 150417 |
| Subdivisión geográfica | México |
| 650 13 - PUNTO DE ACCESO ADICIONAL DE MATERIA--TÉRMINO DE MATERIA | |
| Término de materia o nombre geográfico como elemento de entrada | Metereología y climatología |
| Subdivisión general | |
| 9 (RLIN) | 150420 |
| Subdivisión geográfica | México |
| 650 13 - PUNTO DE ACCESO ADICIONAL DE MATERIA--TÉRMINO DE MATERIA | |
| Término de materia o nombre geográfico como elemento de entrada | Agrometeorology |
| 9 (RLIN) | 150418 |
| Subdivisión geográfica | Mexico |
| 650 13 - PUNTO DE ACCESO ADICIONAL DE MATERIA--TÉRMINO DE MATERIA | |
| Término de materia o nombre geográfico como elemento de entrada | Meteorology and climatology |
| 9 (RLIN) | 150419 |
| Subdivisión geográfica | Mexico |
| 942 ## - ELEMENTOS DE PUNTO DE ACCESO ADICIONAL (KOHA) | |
| Tipo de ítem Koha | Libro |
| Fuente del sistema de clasificación o colocación | Dewey Decimal Classification |
| 260 ## - PUBLICACIÓN, DISTRIBUCIÓN, ETC. | |
| Lugar de publicación, distribución, etc. | México : |
| Nombre del editor, distribuidor, etc. | Universidad Autónoma Chapingo. Departamento de Suelos, |
| Fecha de publicación, distribución, etc. | 1987 |
| 503 ## - NOTA DE HISTORIA BIBLIOGRÁFICA (BK CF MU) [OBSOLETO] | |
| Nota de historia bibliográfica | D. (ej.1) \ C/e (ej.2 y 3) |
| 590 ## - NOTA LOCAL (RLIN) | |
| Nota local | S589 O71 1987 |
| 901 ## - ELEMENTOS DE DATOS A LOCAL LDA (RLIN) | |
| a | 551.5 O71 1987 |
| 902 ## - ELEMENTOS DE DATOS B LOCAL, LDB (RLIN) | |
| a | M |
| 905 ## - ELEMENTOS DE DATOS E LOCAL, LDE (RLIN) | |
| a | 5232271987 mx mni 8212223322spa16 |
| Estado de retiro | Estado de pérdida | Fuente del sistema de clasificación o colocación | Estado dañado | Restricciones de uso | No para préstamo | Código de colección | Localización permanente | Ubicación/localización actual | Fecha de adquisición | Fuente de adquisición | Coste, precio normal de compra | Número de inventario | Total de préstamos | Signatura topográfica completa | Código de barras | Fecha visto por última vez | Número de copia | Tipo de ítem Koha | Precio válido a partir de |
|---|---|---|---|---|---|---|---|---|---|---|---|---|---|---|---|---|---|---|---|
| Dewey Decimal Classification | Préstamo 5 días | General | Ingenieria Agroindustrial | Ingenieria Agroindustrial | 18/01/2022 | Compra Librería Gaona F. 1848 / R. (05/10/1989) | 25729.08 | C/e | 551.5 O71 1987 | 1102003136 | 18/01/2022 | Ej. 3 | Libro | ||||||
| Dewey Decimal Classification | Préstamo interno | General | Ingenieria Agroindustrial | Ingenieria Agroindustrial | 18/01/2022 | C/e | 551.5 O71 1987 | 1102006625 | 18/01/2022 | Ej. 1 | Libro | 18/01/2022 | |||||||
| Dewey Decimal Classification | Préstamo 5 días | General | Ingenieria Agroindustrial | Ingenieria Agroindustrial | 04/05/1989 | Compra Librería Gaona F. 1848 / R. (05/10/1989) | 25729.08 | C/e | 551.5 O71 1987 | 1102003135 | 18/01/2022 | Ej. 2 | Libro | ||||||
| Dewey Decimal Classification | Préstamo 5 días | General | Ingenieria Agroindustrial | Ingenieria Agroindustrial | 16/12/2021 | Donación | Donación | 551.5 O71 1987 | 1102014967 | 11/09/2023 | Ej. 4 | Libro | 11/09/2023 |
